00410nam a22001457a 4500003000400000020001800004082001200022100001400034245007700048250000800125260003200133300000800165650001200173653007900185SGT a9788183552981 a530,LON aLONEY,S.L aAN ELEMENTARY TREATISE ON THE DYNAMICS OF A PARTICLE AND OF RIGID BODIES a1ST aNOIDAbG.K PUBLISHERSc2015 a383 aPHYSICS aMOTION IN A STRAIGHT LINE, UNIPLANAR MONTION REFERRED TO POLAR COORDINATES